|
|
|
|
| LEADER |
01094nam a2200313 a 4500 |
| 001 |
38836 |
| 003 |
BD-DhAAL |
| 005 |
20220616135639.0 |
| 008 |
220616t2005 ii af 000 0 eng d |
| 999 |
|
|
|c 44395
|d 44395
|
| 020 |
|
|
|a 8129104652
|
| 020 |
|
|
|a 9788129104656
|
| 025 |
|
|
|a I-E-73394
|
| 040 |
|
|
|a DLC
|c DLC
|d DLC
|d BD-DhAAL
|
| 042 |
|
|
|a lcode
|
| 043 |
|
|
|a a-ii---
|
| 050 |
0 |
0 |
|a DS461
|b .N29 1994
|
| 082 |
0 |
0 |
|a 954.025
|2 20
|
| 100 |
1 |
|
|a Nath, R.
|q (Ram),
|d 1933-
|9 49430
|
| 245 |
1 |
0 |
|a Private life of the Mughals of India, 1526-1803 A.D. /
|c R. Nath.
|
| 260 |
|
|
|a New Delhi :
|b Rupa,
|c 2005.
|
| 300 |
|
|
|a 228 pages :
|b illustrations ;
|c 23 cm.
|
| 541 |
|
|
|a Donated By Akbar Ali Khan
|e 38836
|
| 651 |
|
0 |
|a Mogul Empire
|x Social life and customs.
|9 49431
|
| 651 |
|
0 |
|a India
|x Mogul Empire.
|9 49432
|
| 651 |
|
0 |
|a India
|x History.
|9 49433
|
| 852 |
|
|
|a Ayesha Abed Library
|c Akbar Ali Khan Collection
|
| 942 |
|
|
|2 ddc
|c BK
|
| 952 |
|
|
|0 0
|1 0
|2 ddc
|4 0
|6 954_025000000000000_NAT
|7 1
|9 70951
|a BRACUL
|b BRACUL
|c AAKC
|d 2022-06-16
|e Donated by Akbar Ali Khan
|l 0
|o 954.025 NAT
|p 3010038836
|r 2022-06-16
|t 1
|w 2022-06-16
|y BK
|